MARC

LEADER 00000nam0a2200000 4500
001 312828
005 20231102002525.0
035 |a (RuTPU)RU\TPU\book\338198 
035 |a RU\TPU\book\320208 
090 |a 312828 
100 |a 20151229d1969 m y0rusy50 ca 
101 0 |a rus 
102 |a RU 
105 |a a j 001zy 
200 1 |a Курс электротехники и радиотехники  |e учебное пособие  |f А. П. Молчанов, П. Н. Занадворов 
205 |a 2-е изд., перераб. 
210 |a Москва  |c Наука  |d 1969 
215 |a 479 с.  |c ил. 
320 |a Библиогр.: с. 479 
606 1 |a Электротехника общая  |2 stltpush  |3 (RuTPU)RU\TPU\subj\20906  |9 45967 
606 1 |a Радиотехника  |2 stltpush  |3 (RuTPU)RU\TPU\subj\71345  |9 85301 
610 1 |a линейные цепи 
610 1 |a полупроводниковые приборы 
610 1 |a вакуумные приборы 
610 1 |a газонаполненные приборы 
610 1 |a усилители 
610 1 |a параметрические цепи 
610 1 |a нелинейные цепи 
610 1 |a генераторы 
610 1 |a электрические машины 
610 1 |a учебные пособия 
610 1 |a электронные приборы 
610 1 |a ламповые генераторы 
675 |a 621.3(075.8)  |v 3 
675 |a 621.37(075.8)  |v 3 
700 1 |a Молчанов  |b А. П.  |g Андрей Павлович 
701 1 |a Занадворов  |b П. Н.  |g Петр Николаевич 
801 1 |a RU  |b 63413507  |c 20150520 
801 2 |a RU  |b 63413507  |c 20171023  |g RCR 
942 |c BK